000
00218 a2200097 4500
001
48627
100
_a
Narracott, A.H
245
_a
How the R.A.F works
260
_a
London
_b
Frederick mullen
_c
090
_c
31554
_d
31554
942
_a
NUST-CAE
_c
M
_c
23952
999
_c
283700
_d
283700